New Headway. Academic Skills. Reading, Writing, and Study Skills Level 3: Student´s Book

Gespeichert in:
Bibliographische Detailangaben
Hauptverfasser: Philpot, Sarah, Curnick, Lesley (Verfasst von)
Format: Buch
Sprache:Englisch
Veröffentlicht: Oxford Oxford University Press 2007
Schlagworte:
Online-Zugang:Im OPAC anzeigen
Tags: Tag hinzufügen
Keine Tags, Fügen Sie das erste Tag hinzu!

MARC

LEADER 00000nam a2200000 a 4500
005 20260127134054.0
008 101201 2007 enk 000 0 eng d
020 |a 9780194715768 
035 |a vtls010193689 
039 9 |y 201012011425  |z mschk03 
040 |a STUSCHK1  |b slo  |c STUSCHK1  |e AACR2 
080 |a 802.0 
100 1 |a Philpot, Sarah 
245 1 |a New Headway. Academic Skills. Reading, Writing, and Study Skills  |b Level 3: Student´s Book  |c Sarah Philpot, Lesley Curnick 
260 |a Oxford  |b Oxford University Press  |c 2007 
300 |a 94 s.  |b ill.  |c 27,5 cm 
650 0 |a angličtina 
700 1 |a Curnick, Lesley  |4 aut 
910 |a SCHK95 
919 |a 978-0-19-471576-8 
999 |c 3419  |d 3419